000 00805nam a2200253Ia 4500
003 OSt
005 20220923222932.0
006 a|||||r|||| 00| 0
007 ta
008 220922b |||||||| |||| 00| 0 hin d
024 _a208,845
037 _cTextual
040 _aARTS
_cARTS
_bhin
041 _2hin
_ahin
082 _aO152,3N472x, M1
100 _aस्वंय प्रकाश
_9156318
245 0 _aसूरज कब निकलेगा
246 _aSūraj kab nikalegā
260 _aदिल्ली
_b प्रकाशन संस्थान
_c1981
300 _a138पृ.
_ccm.
650 _aहिन्दी साहित्य
_9156264
942 _hO152,3N472x, M1
_cTEXL
_2CC
999 _c359432
_d359432